书目信息 |
| 题名: |
新闻价值论
|
|
| 作者: | 赵雪松 | |
| 分册: | ||
| 出版信息: | 北京 中国文联出版公司 2000.09 |
|
| 页数: | 222页 | |
| 开本: | 大32开 | |
| 丛书名: | 新视野批评文丛 | |
| 单 册: | ||
| 中图分类: | I206 | |
| 科图分类: | ||
| 主题词: | 文学--中国 | |
| 电子资源: | ||
| ISBN: | 7-5059-2172-X | |
| 000 | 00576nam0 2200217 45 | |
| 001 | 0308271072 | |
| 005 | 20030827105735.6 | |
| 010 | @a7-5059-2172-X@d16.80元 | |
| 100 | @a20030827d2000 km y0chiy0120 ea | |
| 101 | @achi | |
| 105 | @a z 000yy | |
| 200 | 1 | @a新闻价值论@Axin wen jia zhi lun@f赵雪松@Fzhao xue song |
| 210 | @a北京@c中国文联出版公司@d2000.09 | |
| 215 | @a222页@d大32开 | |
| 225 | 2 | @a新视野批评文丛 |
| 410 | 0 | @12001 @a新视野批评文丛 |
| 606 | 0 | @a文学@x中国 |
| 690 | @aI206@v3 | |
| 701 | 0 | @a赵雪松 |
| 801 | @aCN@b@c20030827 | |
| 905 | @aBZT@dI206@e168 | |
| 新闻价值论/赵雪松.-北京:中国文联出版公司,2000.09 |
| 222页;大32开.-(新视野批评文丛) |
| ISBN 7-5059-2172-X:16.80元 |
| ● |
| 相关链接 |
|
|
|
正题名:新闻价值论
索取号:I206/168
 
预约/预借
| 序号 | 登录号 | 条形码 | 馆藏地/架位号 | 状态 | 备注 |
| 1 | 107287 | 200086600 | 中心书库中库/打包BH0985/ [索取号:I206/168] | 在馆 | |
| 2 | 107288 | 200086628 | 中心书库中库/打包BH0985/ [索取号:I206/168] | 在馆 | |
| 3 | 107289 | 200086619 | 中心书库中库/打包BH0985/ [索取号:I206/168] | 在馆 | |
| 4 | 107290 | 200086637 | 中心书库中库/打包BH0985/ [索取号:I206/168] | 在馆 | |
| 5 | 107291 | 200086655 | 中心书库中库/打包BH0985/ [索取号:I206/168] | 在馆 | |
| 6 | 107292 | 200086664 | 中心书库中库/打包BH0985/ [索取号:I206/168] | 在馆 | |
| 7 | 107293 | 200086673 | 中心书库中库/打包BH0985/ [索取号:I206/168] | 在馆 | |
| 8 | 107294 | 200086708 | 中心书库中库/打包BH0985/ [索取号:I206/168] | 在馆 | |
| 9 | 107295 | 200086682 | 中心书库中库/打包BH0985/ [索取号:I206/168] | 在馆 | |
| 10 | 107296 | 200086691 | 中心书库中库/打包BH0985/ [索取号:I206/168] | 在馆 |